Partially Recognized States - Statistics

General Stats
  • This quiz has been taken 116 times
    54 since last reset
  • The average score is 13 of 17
Answer Stats
Picture Answer % Correct
Israel
100%
Kosovo
100%
Palestine
100%
South Korea
100%
Taiwan
100%
Cyprus
98%
North Korea
96%
China
94%
Abkhazia
70%
Northern Cyprus
70%
South Ossetia
66%
Transnistria
66%
Sahrawi
62%
Somaliland
62%
Cook Islands
57%
Niue
49%
Sovereign Military Order of Malta
23%
No matching quizzes found
Score Distribution
Percent of People with Each Score
Percentile by Number Answered
Your Score History
You have not taken this quiz since the last reset